Η βιομηχανική κληρονομιά της Νέας Ιωνίας : επισκόπηση της ιστορικής και αρχιτεκτονικής φυσιογνωμίας
Αποθηκεύτηκε σε:
| Άλλοι συγγραφείς: | |
|---|---|
| Μορφή: | Βιβλίο |
| Γλώσσα: | Greek |
| Δημοσίευση: |
Αθήνα :
Πολιτιστικό Τεχνολογικό Ίδρυμα ΕΤΒΑ,
c2002.
|
| Σειρά: | Καταγραφή της βιομηχανικής κληρονομιάς
|
| Θέματα: | |
| Ετικέτες: |
Προσθήκη ετικέτας
Δεν υπάρχουν, Καταχωρήστε ετικέτα πρώτοι!
|
MARC
| LEADER | 00000cam a2200000 i 4500 | ||
|---|---|---|---|
| 001 | 1/13352 | ||
| 008 | 110530s2002 gr | ||| |||| ||gre|| | ||
| 020 | |a 9602440716 | ||
| 035 | |l 10110166 | ||
| 040 | |a GR-MyUa |b gre |e AACR2 | ||
| 041 | 0 | |a gre | |
| 082 | 7 | |a 725.40949512 |2 (22) | |
| 245 | 0 | 2 | |a Η βιομηχανική κληρονομιά της Νέας Ιωνίας : |b επισκόπηση της ιστορικής και αρχιτεκτονικής φυσιογνωμίας / |c Ε. Μαΐστρου... [κ.ά.]. |
| 260 | |a Αθήνα : |b Πολιτιστικό Τεχνολογικό Ίδρυμα ΕΤΒΑ, |c c2002. | ||
| 300 | |a 86 σ. : |b εικ. ; |c 28 εκ. | ||
| 490 | 1 | |a (Καταγραφή της βιομηχανικής κληρονομιάς) | |
| 504 | |a Βιβλιογραφία: σ. 77-78. | ||
| 650 | 0 | |a Industrial buildings |z Greece |z Nea Ionia |x History. | |
| 650 | 0 | 0 | |a Factories |z Greece |z Nea Ionia |x History. |
| 650 | 0 | 0 | |a Architecture, Industrial |z Greece |z Nea Ionia. |
| 651 | 0 | |a Nea Ionia (Greece) |x Buildings, structures, etc. | |
| 700 | 1 | |a Μαΐστρου, Ελένη. | |
| 830 | 0 | |a Καταγραφή της βιομηχανικής κληρονομιάς | |
| 852 | |a INST |b SYROS |e 20110713 |h 725.40949512 ΒΙΟ |p 005500009118 |q 005500009118 |t BK |y 0 | ||
| 901 | |a BIBL5-2011-2 | ||
| 970 | |a ΚΟΝΤΟΥ |b ΠΑΡΑΣΚΕΥΗ |z 2011/05/30 | ||